000 00898cam a22001814a 4500
005 20250605164144.0
008 250528s ||||||||||||||||||||||||d
035 _a19090
040 _aGR-AtMCL
_bgre
_dGR-AtMCL
_eAACR2
245 1 _aΑσκήσεις Φυσικής / Μηχανική: Κυματική - Ακουστική
260 _bΑθήνα,
_c1978
300 _a160
520 _aΣτατική, Κινηματική, Βολές, Δυναμική, Έργο - Ενέργεια - Ισχύς, Βαρύτητα, Ορμή, Τριβή, Στρεφόμενο Στέρεο, Ελαστικότητα, Ταλαντώσεις, Απλές Μηχανές - Ζυγός, Υδροστατική, Υδροδυναμική - Αεροδυναμική, Μοριακά Φαινόμενα, Κυματική.
700 1 _aΝτανός Γιάννης
_95344
942 _cBK
999 _c4371
_d4371